[Event "13th World University Championship - MEN"]
[Site "Katowice"]
[Date "2014.08.19"]
[Round "3"]
[White "Swiercz, Dariusz"]
[Black "Nenezic, Marko"]
[Result "1-0"]
[LiveChessVersion "1.4.4"]
[BlackElo "2430"]
[WhiteElo "2611"]

1. e4  c5  2. Nf3  Nc6
 3. Bb5  g6  4. Bxc6
 dxc6  5. d3  Bg4
 6. Nbd2  Bg7  7. h3
 Bxf3  8. Nxf3  e5
 9. Be3  Qe7  10. Qd2
 Nf6  11. Bh6  Nh5
 12. Bg5  Bf6  13. Bxf6
 Nxf6  14. Qc3  Nd7
 15. O-O  O-O  16. Nd2
 b6  17. a4  Rac8
 18. Nc4  Qg5  19. Rae1
 Rc7  20. Re3  Re8
 21. Rg3  Qe7  22. Qd2
 Kh8  23. b3  a6 
24. Kh1  Ra7  25. Qh6  Qf8
 26. Qg5  Qe7  27. Qh6
 Qf8  28. Qg5  Qe7
 29. h4  Rb7  30. f4
 f6  31. Qh6  Rg8
 32. f5  gxf5  33. Rxg8+
 Kxg8  34. Rxf5  Rb8
 35. Rf3  Kh8  36. Ne3
 Rg8  37. Nf5  Qf7
 38. Qe3  Rg6  39. Qf2
 Qe6  40. Kh2  Rg8
 41. Ng3  Rg4  42. Nh5
 Rg6  43. Rf5  Qe7
 44. Qf3  Qe6  45. g3
 Qf7  46. g4  Qe6
 47. g5  fxg5  48. hxg5
 Kg8  49. Qh3  Kh8
 50. Qh4  Kg8  51. Qf2
 Qe7  52. Qh4  Qe6
 53. Kg3  Qe7  54. Kf3
 h6  55. Nf6+  Nxf6
 56. gxf6  Qf7  57. Ke3
 Kh7  58. Rxe5  Rxf6
 59. a5  b5  60. Rxc5
 Qg6  61. Qh2  Rf7
 62. Kd2  Re7  63. Rf5
 Rg7  64. Kc3  Re7
 65. Qf4  Kg7  66. Qb8
 Kh7  67. Qf8  Rg7
 68. Rf6  Qg1  69. Rf1
 Qg3  70. Qf5+  Kg8
 71. Kb2  b4  1-0

[Event "13th World University Championship - MEN"]
[Site "Katowice"]
[Date "2014.08.19"]
[Round "3"]
[White "Grigoryan, Karen H."]
[Black "Tomazini, Zan"]
[Result "1-0"]
[LiveChessVersion "1.4.4"]
[BlackElo "2371"]
[WhiteElo "2595"]

1. d4  Nf6  2. c4  g6
 3. Nc3  Bg7  4. e4
 d6  5. Nf3  O-O 
6. Be2  Nbd7  7. O-O  e5
 8. Re1  Re8  9. Bf1
 exd4  10. Nxd4  c6
 11. Bf4  Ne5  12. Qd2
 a6  13. Rad1  Qc7
 14. Nc2  Nh5  15. Bg5
 Be6  16. b3  Bg4
 17. Be2  Bxe2  18. Nxe2
 Bf8  19. Ne3  Nd7
 20. f3  a5  21. Ng4
 Qb6+  22. Be3  Nc5
 23. Ng3  Re6  24. Nxh5
 gxh5  25. Nf2  Qb4
 26. Qe2  Rae8  27. Nh3
 Bg7  28. Nf4  Nxe4
 29. fxe4  Rxe4  30. Qf2
 Bd4  31. Rxd4  Rxd4
 32. Nxh5  Re6  33. Rf1
 1-0

[Event "13th World University Championship - MEN"]
[Site "Katowice"]
[Date "2014.08.19"]
[Round "3"]
[White "Batchuluun, Tsegmed"]
[Black "Krejci, Jan"]
[Result "1/2-1/2"]
[LiveChessVersion "1.4.4"]
[BlackElo "2531"]
[WhiteElo "2513"]

1. d4  d5  2. c4  c6
 3. Nf3  Nf6  4. Nc3
 e6  5. Bg5  h6 
6. Bxf6  Qxf6  7. e3  g6
 8. Bd3  Bg7  9. O-O
 O-O  10. Ne5  dxc4
 11. Nxc4  Qe7  12. Rc1
 Rd8  13. Qe2  Nd7
 14. Rfd1  Nb6  15. a3
 Nxc4  16. Bxc4  Bd7
 17. Ne4  e5  18. d5
 cxd5  19. Bxd5  Ba4
 20. Rd2  Rac8  21. Rxc8
 Rxc8  22. Nc3  Be8
 23. e4  Rd8  24. h3
 Bf8  25. Rd3  Bc6
 26. Rf3  Bxd5  27. Nxd5
 Qe6  28. Qb5  b6
 29. Qa6  Rxd5  30. exd5
 Qxd5  31. Qd3  Qe6
 32. Qd8  Kg7  33. Rc3
 Bc5  34. Qd2  a5
 35. Rc1  Qf5  36. b4
 axb4  37. axb4  Bd4
 38. Rc7  h5  39. Qc2
 Qf4  40. Qe2  Qf5
 41. Qc2  Qf4  42. Qe2
 Qf5  43. Rc1  Qf4
 44. Rd1  Qf5  45. Kf1
 Bc3  46. b5  Bd4
 47. Rd3  Qc8  48. Rd1
 Qf5  49. Kg1  Qf4
 50. Qf3  Qg5  51. g3
 Qe7  52. Rc1  Qd7
 53. Rc6  Qxh3  54. Rc7
 Qe6  55. Qc6  Qf5
 56. Qg2  Qd3  57. Rc8
 Qb1+  58. Kh2  Qxb5
 59. Qa8  e4  60. Qxe4
 Bxf2  61. Kg2  Qb2
 62. Qe8  Bc5+  63. Kh3
 Kh6  64. Qxf7  Qd4
 65. Rg8  Qg4+  66. Kh2
 Qe2+  67. Kh3  Qg4+
 1/2-1/2

[Event "13th World University Championship - MEN"]
[Site "Katowice"]
[Date "2014.08.19"]
[Round "3"]
[White "Petrosyan, Tigran S."]
[Black "Munkhgal, Gombosuren"]
[Result "0-1"]
[LiveChessVersion "1.4.4"]
[BlackElo "2418"]
[WhiteElo "2421"]

1. Nf3  Nf6  2. g3  b5
 3. Bg2  Bb7  4. O-O
 e6  5. d3  c5 
6. c4  b4  7. e4  d6
 8. Nbd2  Be7  9. Ne1
 Nc6  10. f4  Nd7
 11. Ndf3  Qb6  12. Be3
 Nd4  13. Nxd4  cxd4
 14. Bf2  e5  15. Qd2
 Nc5  16. b3  a5 
17. Nc2  f5  18. exf5  Bxg2
 19. Kxg2  O-O  20. Rae1
 Qb7+  21. Kg1  Rxf5
 22. fxe5  dxe5  23. g4
 Rf3  24. Rxe5  Nxd3
 25. Rf5  Rxf5  26. gxf5
 Nxf2  27. Qxf2  d3
 28. Ne1  Rd8  29. Nf3
 Bf6  30. Qe3  Bc3
 31. Kg2  h6  32. Rd1
 d2  33. Kf2  Kh7
 34. Qe6  Qb8  35. Qe4
 Kh8  36. Qg4  Qa7+
 37. Kf1  Qe3  38. Qg2
 Rd3  0-1

[Event "13th World University Championship - MEN"]
[Site "Katowice"]
[Date "2014.08.19"]
[Round "3"]
[White "Garcia Guerrero, Isaac Antonio"]
[Black "Shimanov, Aleksandr"]
[Result "0-1"]
[LiveChessVersion "1.4.4"]
[BlackElo "2625"]
[WhiteElo "2300"]

1. d4  f5  2. e4  fxe4
 3. Nc3  Nf6  4. Bg5
 c6  5. f3  exf3 
6. Nxf3  d6  7. Bc4  Bg4
 8. O-O  Nbd7  9. Qd2
 Qb6  10. Be3  d5
 11. Bd3  Bxf3  12. Rxf3
 g6  13. Re1  Bg7
 14. Na4  Qd8  15. Bh6
 O-O  16. Bxg7  Kxg7
 17. Qe2  Rf7  18. Re3
 b5  19. Nc5  Nxc5
 20. dxc5  Kf8  21. Re6
 Qc7  22. Qe3  Ng4
 23. Qg3  Qxg3  24. hxg3
 Rc8  25. b4  Rc7
 26. a4  a6  27. Be2
 Nh6  28. Bd3  Rf6
 29. Rxf6+  exf6  30. axb5
 axb5  31. Ra1  Ng4
 32. Ra8+  Kg7  33. Be2
 Ne3  34. Bd3  Kh6
 35. Kf2  Ng4+  36. Kf1
 Kg5  37. Re8  Ra7
 38. Rb8  Ra4  39. Rb6
 Ne5  40. Bxb5  cxb5
 41. Rxb5  Kf5  42. Rb7
 Ra2  43. b5  Rxc2
 44. Rc7  Ke4  45. Ke1
 Rxc5  0-1

[Event "13th World University Championship - MEN"]
[Site "Katowice"]
[Date "2014.08.19"]
[Round "3"]
[White "Oliveira, Fernando Henrique"]
[Black "Belous, Vladimir"]
[Result "0-1"]
[LiveChessVersion "1.4.4"]
[BlackElo "2584"]
[WhiteElo "2178"]

1. d4  Nf6  2. c4  g6
 3. Nc3  Bg7  4. Nf3
 O-O  5. e4  d6 
6. Be2  Na6  7. O-O  e5
 8. Be3  Ng4  9. Bg5
 Qe8  10. Re1  f6
 11. Bh4  Nh6  12. a3
 Nf7  13. dxe5  dxe5
 14. b4  c6  15. Qc2
 Nc7  16. Rad1  Ne6
 17. Bg3  Nfg5  18. Qd3
 Nxf3+  19. Bxf3  Nd4
 20. Ne2  Nxf3+  21. Qxf3
 Be6  22. Qc3  Qf7
 23. c5  Rad8  24. Nc1
 Rd7  25. Rd6  Rfd8
 26. Red1  Rxd6  27. cxd6
 Bf8  28. Qe3  Qc7
 29. f4  Rxd6  30. Rf1
 Bh6  31. Qxa7  exf4
 32. Bf2  Rd2  33. Qc5
 Qe5  34. Qxe5  fxe5
 35. Be1  Rd4  36. Bc3
 Rxe4  37. Rd1  Bd5
 0-1

[Event "13th World University Championship - MEN"]
[Site "Katowice"]
[Date "2014.08.19"]
[Round "3"]
[White "Tomczak, Jacek"]
[Black "Grandadam, Nicolas"]
[Result "1-0"]
[LiveChessVersion "1.4.4"]
[BlackElo "2307"]
[WhiteElo "2562"]

1. e4  c5  2. Nf3  Nc6
 3. d4  cxd4  4. Nxd4
 d5  5. Nxc6  bxc6
 6. exd5  Qxd5  7. Nc3
 Qxd1+  8. Nxd1  e5
 9. Ne3  Nf6  10. Nc4
 e4  11. Bd2  Bc5
 12. b4  Be7  13. Na5
 Bd7  14. c4  Ng4
 15. Be2  Ne5  16. O-O
 f5  17. Rad1  O-O-O
 18. c5  Bf6  19. a4
 Nd3  20. Bxd3  exd3
 21. Bf4  g5  22. Bd6
 Bc3  23. Rxd3  Bf6
 24. f4  gxf4  25. Bxf4
 Be6  26. Rxd8+  Rxd8
 27. Nxc6  1-0

[Event "13th World University Championship - MEN"]
[Site "Katowice"]
[Date "2014.08.19"]
[Round "3"]
[White "Kobayashi, Atsuhiko"]
[Black "Piorun, Kacper"]
[Result "0-1"]
[LiveChessVersion "1.4.4"]
[BlackElo "2560"]
[WhiteElo "2089"]

1. d4  g6  2. c4  Bg7
 3. Nc3  c5  4. d5
 Bxc3+  5. bxc3  f5
 6. h4  Nf6  7. h5
 Rg8  8. hxg6  hxg6
 9. f3  Qa5  10. Qd3
 d6  11. Bg5  Nbd7
 12. Nh3  Ne5  13. Qc2
 Bd7  14. Nf4  O-O-O
 15. e3  Rh8  16. Rxh8
 Rxh8  17. Kf2  Kb8
 18. Kg1  Qd8  19. Bxf6
 exf6  20. Qf2  Qg8
 21. Qg3  Qh7  22. Kf2
 g5  23. Nd3  f4 
24. exf4  Nxd3+  25. Bxd3  Qxd3
 26. fxg5  Qd2+  0-1

[Event "13th World University Championship - MEN"]
[Site "Katowice"]
[Date "2014.08.19"]
[Round "3"]
[White "Stankovic, Milos"]
[Black "Wyss, Jonas"]
[Result "1-0"]
[LiveChessVersion "1.4.4"]
[BlackElo "2276"]
[WhiteElo "2416"]

1. e4  e6  2. d4  d5
 3. Nc3  Bb4  4. e5
 c5  5. a3  Bxc3+
 6. bxc3  Ne7  7. h4
 Qa5  8. Bd2  Qa4
 9. Nf3  h6  10. h5
 Nbc6  11. Rh4  c4
 12. Rg4  Rg8  13. Rf4
 Bd7  14. g4  g5 
15. hxg6  fxg6  16. Rf6  Rh8
 17. g5  h5  18. Nh4
 Rg8  19. Bh3  Nd8
 20. Rc1  Qxa3  21. Nxg6
 Nxg6  22. Qxh5  Qe7
 23. Rxg6  Rxg6  24. Qxg6+
 Qf7  25. Qh6  Nc6
 26. g6  Qg8  27. Bg5
 Ne7  28. g7  Rd8
 29. Qf6  Qf7  30. g8=R+
 Nxg8  31. Qxd8#  1-0

[Event "13th World University Championship - MEN"]
[Site "Katowice"]
[Date "2014.08.19"]
[Round "3"]
[White "Galmandakh, Badrakh"]
[Black "Klekowski, Maciej"]
[Result "0-1"]
[LiveChessVersion "1.4.4"]
[BlackElo "2383"]
[WhiteElo "2264"]

1. d3  c5  2. g3  Nc6
 3. Bg2  g6  4. Nf3
 Bg7  5. O-O  d6 
6. c4  e6  7. Nc3  Nge7
 8. a3  O-O  9. Rb1
 b6  10. Bd2  Bb7
 11. b4  Qd7  12. Re1
 h6  13. b5  Nd4 
14. e3  Nxf3+  15. Bxf3  d5
 16. Ne2  Rad8  17. Qc1
 h5  18. cxd5  Nxd5
 19. d4  Rc8  20. Qd1
 Nxe3  21. Bxe3  Bxf3
 22. dxc5  Qe7  23. c6
 Qf6  24. Qa4  e5
 25. h3  Rxc6  26. Bg5
 Qxg5  27. bxc6  Qf5
 28. g4  hxg4  29. hxg4
 Qf6  30. Ng3  Bxc6
 31. Qb3  Qh4  32. Qc4
 Bb7  33. Qe2  Qh3
 34. Ne4  Bh6  35. f3
 Bxe4 36. Qxe4  Bf4  37. Re2
 Kg7  38. Rg2  Rh8
 39. Kf1  Qh1+  40. Rg1
 Qh3+  41. Rg2  Rd8
 42. Kg1  Rd4  43. Qe2
 e4  44. Rb3  Rd2
 45. Qf1  Bh2+  46. Kh1
 Bd6+  47. Kg1  Bc5+
 48. Rf2  Bxf2+  0-1

[Event "13th World University Championship - MEN"]
[Site "Katowice"]
[Date "2014.08.19"]
[Round "3"]
[White "Gergacz, Attila"]
[Black "Spalir, Jernej"]
[Result "1/2-1/2"]
[LiveChessVersion "1.4.4"]
[BlackElo "2243"]
[WhiteElo "2374"]

1. e4  e5  2. Nf3  Nc6
 3. Bc4  Bc5  4. c3
 Nf6  5. d3  O-O 
6. O-O  d5  7. exd5  Nxd5
 8. b4  Be7  9. b5
 Na5  10. Bxd5  Qxd5
 11. c4  Qd8  12. Bd2
 b6  13. Nxe5  Bf6
 14. Bxa5  bxa5  15. d4
 Bxe5  16. dxe5  Be6
 17. Na3  Qe7  18. Qb3
 Qc5  19. Qe3  Qxe3 20. fxe3
 c6  21. Rab1  Rac8
 22. b6  axb6  23. Rxb6
 Rfd8  24. Rfb1  g6
 25. Rc1  Rd3  26. Rb3
 Rd2  27. Nb1  Rxa2
 28. Nc3  Bxc4  29. Rb7
 Ra3  30. Ne4  Be6
 31. Kf2  Ra2+  32. Kg3
 a4  33. Nc5  Ra3
 34. Kf4  g5+  35. Kxg5
 Rxe3  36. Kf6  Bd5
 37. Rcb1  Re8  38. Nd7
 Be6  39. Nc5  Re2
 40. Nd3  Rd2  41. Rb8
 Bc8  42. Nf4  Rdd8
 43. R1b4  Be6 44. Rxd8  Rxd8
 45. Rxa4  Bb3  46. Ra3
 Rb8  47. h4  c5 
48. Ra6  Rc8  49. Rb6  Ba2
 50. h5  h6  51. g4
 Kh7  52. Rb2  Rc6+
 53. Ke7  Be6  54. Nxe6
 Rxe6+  55. Kxf7  Rxe5
 56. Rb7  Rg5  57. Kf6+
 Kh8  58. Rb8+  Kh7
 59. Rb7+  Kh8  60. Rb8+ 1/2-1/2

[Event "13th World University Championship - MEN"]
[Site "Katowice"]
[Date "2014.08.19"]
[Round "3"]
[White "Gloor, Roger"]
[Black "Ayala Pena, Eduardo Azael"]
[Result "1-0"]
[LiveChessVersion "1.4.4"]
[BlackElo "2190"]
[WhiteElo "2364"]

1. e4 e5 2. Nf3 Nc6 3. d4 exd4 4. Nxd4 Bc5 5. Nxc6 Qf6 6. Qd2 dxc6 7. Bd3 Ne7 8.
Nc3 Ng6 9. O-O O-O 10. Kh1 Qe7 11. f4 f5 12. e5 Be6 13. Qe2 Rad8 14. Be3 Bxe3 15.
Qxe3 Qb4 16. Ne2 c5 17. a3 Qb6 18. b3 Qc6 19. Qf2 Bxb3 20. Bxf5 Rxf5 21. cxb3
Nxe5 22. Ng3 Rf7 23. Qe2 Ng6 24. f5 Nf8 25. Ne4 Rd4 26. Rae1 Qd5 27. f6 Ng6 28.
Rf3 Qe5 29. Re3 gxf6 30. Qf2 Rxe4 31. Rxe4 Qd5 32. Qf3 Kg7 33. h4 f5 34. Qc3+ Kh6
35. Re6 Qd4 36. Qg3 Qg4 37. Kh2 Kh5 38. Qxg4+ Kxg4 39. g3 Rd7 40. R6e3 Rd4 41.
Rc1 Rd2+ 42. Kg1 b6 43. Rc4+ Rd4 44. Kf2 f4 45. gxf4 Kxf4 46. Rf3+ Ke4 47. h5 Ne5
48. Rxd4+ cxd4 49. Rf8 Ng4+ 50. Ke2 d3+ 51. Kd2 Ne5 52. Rh8 Nf3+ 53. Kd1 Ng5 54.
Rg8 Nf3 55. Rg7 h6 56. Rh7 Ke3 57. Rxh6 Nh2 58. Re6+ Kd4 59. h6 Ng4 60. h7 1-0

[Event "13th World University Championship - MEN"]
[Site "Katowice"]
[Date "2014.08.19"]
[Round "3"]
[White "Chen, Peng"]
[Black "Nuri, Kambez"]
[Result "1-0"]
[LiveChessVersion "1.4.4"]
[BlackElo "2322"]
[WhiteElo "2198"]

1. e4  c5  2. Nf3  d6
 3. d4  cxd4  4. Nxd4
 Nf6  5. Nc3  Nc6
 6. Bc4  e5  7. Nxc6
 bxc6  8. Bg5  Be7
 9. Qd3  Qb6  10. O-O
 Qd4  11. Qxd4  exd4
 12. Ne2  c5  13. c3
 Rb8  14. b3  Be6
 15. Bxe6  fxe6  16. cxd4
 Nxe4  17. Bxe7  Kxe7
 18. Rfe1  Rb4  19. f3
 Nf6  20. Rad1  Re8
 21. dxc5  dxc5  22. Nc1
 Rd4  23. Ne2  Rb4
 24. Rc1  Rc8  25. Ng3
 g6  26. Ne4  Nxe4
 27. Rxe4  Rb6  28. Rec4
 Rbc6  29. Rh4  h5
 30. Rhc4  Rd6  31. R1c2
 Rd5  32. Kf2  Rcd8
 33. Kg3  Kd6  34. Ra4
 Rd7  35. Ra6+  Ke7
 36. Rc6  Rg5+  37. Kh3
 Rdd5  38. Rc7+  Kf6
 39. Rxa7  Rge5  40. Kg3
 g5  41. Ra4  h4+
 42. Kf2  h3  43. gxh3
 Rd3  44. Kg2  Ree3
 45. Rf2  Re1  46. h4
 Rdd1  47. hxg5+  Kxg5
 48. Kh3  e5  49. Re4
 Rg1  50. Rxe5+  Kf6
 51. Rxc5  Rd8  52. Rh5
 Rdg8  53. Rh4  1-0

[Event "13th World University Championship - MEN"]
[Site "Katowice"]
[Date "2014.08.19"]
[Round "3"]
[White "Gaehler, Marco"]
[Black "Carlos Arriaga, Jesus Roberto"]
[Result "1/2-1/2"]
[LiveChessVersion "1.4.4"]
[BlackElo "2118"]
[WhiteElo "2315"]

1. g3  d5  2. c4  d4
 3. e3  Nc6  4. d3
 g6  5. Bg2  Bg7 
6. Nf3  e5  7. O-O  Nge7
 8. Re1  O-O  9. exd4
 exd4  10. Nbd2  h6
 11. a3  a5  12. Rb1
 g5  13. h3  f5 
14. b4  axb4  15. axb4  Ng6
 16. b5  Nce5  17. Nb3
 Nxf3+  18. Bxf3  g4
 19. hxg4  fxg4  20. Bxg4
 Ne5  21. Bh5  Ra2
 22. f4  Qd7  23. Re2
 Rxe2  24. Qxe2  Qh3
 25. Qh2  Qxh2+  26. Kxh2
 Nxd3  27. Ba3  Rd8
 28. Kg1  Bf5  29. Rd1
 Ra8  30. Ra1  Ra4
 31. Bf3  Be6  32. Nd2
 b6  33. Bd1  Ra5
 34. Nb3  Ra7  35. Nd2
 Ra5  36. Nb3  Ra7
 1/2-1/2

[Event "13th World University Championship - MEN"]
[Site "Katowice"]
[Date "2014.08.19"]
[Round "3"]
[White "Chettiar, Evasan"]
[Black "Bornheim, Darren"]
[Result "1/2-1/2"]
[LiveChessVersion "1.4.4"]
[BlackElo "1792"]
[WhiteElo "1869"]

1. d4  c6  2. e4  d5
 3. exd5  cxd5  4. c4
 Nf6  5. Nc3  Nc6
 6. Nf3  Bg4  7. cxd5
 Nxd5  8. Qb3  Bxf3
 9. gxf3  e6  10. Qxb7
 Nxd4  11. Bb5+  Nxb5
 12. Qc6+  Ke7  13. Qxb5
 Qd7  14. Nxd5+  Qxd5
 15. Qxd5  exd5  16. Be3
 Ke6  17. Rc1  Bb4+
 18. Ke2  Rhc8  19. Kd3
 a6  20. Rhg1  Rxc1
 21. Rxc1  Bd6  22. h4
 h5  23. Bc5  Rc8
 24. b4  a5  25. Re1+
 Kd7  26. Bxd6  Kxd6
 27. bxa5  Ra8  28. a4
 Rxa5  29. Ra1  Ke5
 30. Ke3  d4+  31. Kd3
 f6  32. f4+  Kd5
 33. f3 1/2-1/2

[Event "13th World University Championship - MEN"]
[Site "Katowice"]
[Date "2014.08.19"]
[Round "3"]
[White "Sikivou, Taione"]
[Black "Katsuta, Yuki"]
[Result "0-1"]
[LiveChessVersion "1.4.4"]
[BlackElo "1917"]
[WhiteElo "1817"]

1. e4  e6  2. d4  d5
 3. Nc3  Bb4  4. e5
 c5  5. a3  Bxc3+
 6. bxc3  Ne7  7. Qg4
 Qc7  8. Bd2  cxd4
 9. cxd4  Qxc2  10. Rc1
 Qe4+  11. Qxe4  dxe4
 12. Ne2  Nbc6  13. g3
 f5  14. Be3  Kf7
 15. Nc3  a6  16. Na4
 Rd8  17. Nb6  Rb8
 18. Nc4  Bd7  19. Nd6+
 Kf8  20. Rb1  b5
 21. Be2  Nc8  22. Nxc8
 Rbxc8  23. O-O  Be8
 24. Rfd1  Na5  25. Bd2
 Nc4  26. Bb4+  Kf7
 27. Bxc4  Rxc4  28. Bc5
 Bc6  29. Rbc1  Bd5
 30. Kf1  g5  31. Ke2
 f4  32. Kd2  h5 
33. Re1  Rxc1  34. Rxc1  Kg6
 35. gxf4  g4  36. Be7
 Rb8  37. Ke3  a5
 38. Bd6  Rb7  39. Rb1
 Kf5  40. Rb2  h4
 41. Rb1  Bc4  42. Rb2
 Rg7  43. Rd2  Rg6
 44. Be7  g3  45. fxg3
 hxg3  46. Bg5  gxh2
 47. Rxh2  b4  48. axb4
 axb4  49. Rh7  Bd5
 50. Rf7+  Kg4  51. Be7
 b3  52. Ba3  Rg8
 53. Kd2  Kf3  54. f5
 Rg2+  55. Ke1  exf5
 56. Rxf5+  Ke3  57. Bc1+
 Kxd4  58. Rf2  Rg1+
 59. Rf1  Rxf1+  60. Kxf1
 Kxe5  61. Ke2  Kd4
 62. Bb2+  Kc5  63. Kd2
 Kd6  64. Ke3  Ke6
 65. Bd4  Kf5  66. Bb2
 Kg4  67. Be5  Kh3
 68. Kf2  Bc4  69. Bd4
 Bd3  70. Be5  Bc2
 71. Bd4  Kg4  72. Ke3
 Kg3  73. Be5+  Kg2
 74. Bd4  Kf1  75. Kd2
 Bd3  76. Bb2  Kf2
 77. Bd4+  Kf3  78. Bc3
 Bb1  79. Bd4  Bc2
 80. Bb2  e3+  81. Ke1
 e2  82. Bc1  Bd1
 83. Bb2  Ke3  0-1

[Event "13th World University Championship - MEN"]
[Site "Katowice"]
[Date "2014.08.19"]
[Round "3"]
[White "Frijde, Joel"]
[Black "Tanaka, Toshiki"]
[Result "0-1"]
[LiveChessVersion "1.4.4"]
[BlackElo "1848"]
[WhiteElo "1696"]

1. e4  e5  2. Nf3  Nc6
 3. Bc4  Bc5  4. c3
 Nf6  5. d4  exd4
 6. cxd4  Bb4+  7. Nc3
 Nxe4  8. O-O  Bxc3
 9. d5  Ne7  10. bxc3
 O-O  11. Bd3  Nc5
 12. Bc2  d6  13. Re1
 Bf5  14. Bxf5  Nxf5
 15. Qc2  Ne7  16. Ng5
 Ng6  17. Bd2  Qd7
 18. c4  h6  19. Nf3
 Rfe8  20. Rxe8+  Rxe8
 21. Be3  Qa4  22. Qc3
 Ne4  23. Qb3  Qa6
 24. a4  Ne5  25. Nxe5
 Rxe5  26. Qb5  c5
 27. g3  Re7  28. h4
 Nc3  29. Qxa6  bxa6
 30. Kf1  f6  31. Bf4
 Rd7  32. Bd2  Ne4
 33. Ba5  Kf7  34. Re1
 f5  35. Rb1  Nf6
 36. Rb8  Ng4  37. Rd8
 Rxd8  38. Bxd8  Ne5
 39. Bc7  Ke7  40. Bb8
 Nxc4  41. Bxa7  Nb2
 42. a5  Nc4  43. Bb6
 Kd7  44. Ke2  Nxb6
 45. axb6  Kc8  46. Kd3
 Kb7 0-1

[Event "13th World University Championship - MEN"]
[Site "Katowice"]
[Date "2014.08.19"]
[Round "3"]
[White "Mafanya, Kulasande"]
[Black "Hardwarsingh, Vishay"]
[Result "1-0"]
[LiveChessVersion "1.4.4"]
[BlackElo "1596"]
[WhiteElo "1847"]

1. d4  Nf6  2. c4  g6
 3. Nc3  Bg7  4. e4
 d6  5. Be2  O-O 
6. Nf3  Nbd7  7. O-O  c5
 8. d5  Re8  9. Bg5
 Ng4  10. Nd2  Nde5
 11. h3  Nf6  12. Be3
 a6  13. a4  Rb8 
14. Ra3  e6  15. Rb3  exd5
 16. cxd5  Qc7  17. f4
 Ned7  18. Qc2  Nb6
 19. a5  Nbxd5  20. Nxd5
 Nxd5  21. exd5  Qxa5
 22. Nc4  Qc7  23. Kh1
 Bd7  24. Ra1  Bf5
 25. Qd2  b5  26. Na5
 c4  27. Qc1  Rbc8
 28. Bxc4  bxc4  29. Rb7
 Qd8  30. Nc6  Qf6
 31. Bd4  Qh4  32. Bxg7
 Bxh3  33. Ne5  dxe5
 34. Bxe5  Bd7+  35. Kg1
 Bb5  36. Qc3  Qh6
 37. Rf1  Qf8  38. d6
 Red8  39. f5  g5
 40. Re7  Rd7  41. f6
 h5  42. Rf5  Qh6
 43. Qe3  Qh7  44. Rxg5+
 Kh8  45. Rg7  1-0

[Event "13th World University Championship - MEN"]
[Site "Katowice"]
[Date "2014.08.20"]
[Round "4"]
[White "Bernasek, Jan"]
[Black "Swiercz, Dariusz"]
[Result "1/2-1/2"]
[LiveChessVersion "1.4.4"]
[BlackElo "2611"]
[WhiteElo "2536"]

1. d4  Nf6  2. c4  g6
 3. Nc3  d5  4. Bg5
 Ne4  5. Bh4  Nxc3
 6. bxc3  dxc4  7. e3
 Be6  8. Nf3  Bg7
 9. Rb1  c5  10. Rxb7
 Nd7  11. Be2  Bd5
 12. Rb5  Bc6  13. Rb1
 cxd4  14. exd4  Nb6
 15. O-O  Qd5  16. Re1
 e6  17. Bf1  O-O
 18. Ne5  Rac8  19. Nxc6
 Qxc6  20. Be2  Nd5
 21. Qc2  Rb8  22. Bg3
 Rb6  23. Bf3  Rd8
 24. h3  Rd7  25. Rxb6
 axb6  26. a4  Ra7
 27. Rb1  Rxa4  28. Bxd5
 exd5  29. Rxb6  Ra1+
 30. Rb1  Rxb1+  31. Qxb1
 h5  32. Qb8+  Kh7
 33. Be5  1/2-1/2

[Event "13th World University Championship - MEN"]
[Site "Katowice"]
[Date "2014.08.20"]
[Round "4"]
[White "Bukavshin, Ivan"]
[Black "Barbosa, Evandro Amorim"]
[Result "1-0"]
[LiveChessVersion "1.4.4"]
[BlackElo "2446"]
[WhiteElo "2603"]

1. d4  Nf6  2. Nf3  g6
 3. Nbd2  d5  4. e3
 Bg7  5. b4  O-O 
6. Bb2  c6  7. Be2  Bg4
 8. h3  Bxf3  9. Bxf3
 Nbd7  10. c4  Re8
 11. b5  e5  12. bxc6
 bxc6  13. O-O  Rb8
 14. Qc2  Qe7  15. Rab1
 Qe6  16. Rfc1  e4
 17. Be2  Nf8  18. Ba3
 g5  19. cxd5  cxd5
 20. Rxb8  Rxb8  21. Qc7
 Qb6  22. Qc3  N8d7
 23. Nb3  Bf8  24. Bc5
 Qc7  25. Qd2  Nxc5
 26. dxc5  Qe5  27. Qd4
 Qf5  28. Na5  Rc8
 29. Nb7  h5  30. c6
 g4  31. h4  Qe6 
32. Qc3  d4  33. Qxd4  Rxc6 34.
Bc4  g3  35. fxg3 Ng4  36. Nd8
 Bh6 37. Nxe6  Bxe3+  38. Qxe3
 Nxe3  39. Nc5  Kg7
 40. Bb5  Rb6  41. a4 f5
 42. Kf2  1-0

[Event "13th World University Championship - MEN"]
[Site "Katowice"]
[Date "2014.08.20"]
[Round "4"]
[White "Munkhgal, Gombosuren"]
[Black "Grigoryan, Karen H."]
[Result "1/2-1/2"]
[LiveChessVersion "1.4.4"]
[BlackElo "2595"]
[WhiteElo "2418"]

1. d4  Nf6  2. c4  g6
 3. Nc3  Bg7  4. e4
 d6  5. f3  O-O 
6. Be3  Nc6  7. Nge2  a6
 8. Qd2  Rb8  9. h4
 h5  10. Nc1  e5 
11. d5  Nd4  12. Nb3  c5
 13. dxc6  bxc6  14. Nxd4
 exd4  15. Bxd4  d5
 16. cxd5  cxd5  17. e5
 Ne8  18. Bd3  Nd6
 19. Ne2  Re8  20. f4
 Nc4  21. Bxc4  dxc4
 22. Bc3  Qe7  23. Nd4
 Rb7  24. Qf2  Qc5
 25. O-O  Rd8  26. Rad1
 Bg4  27. Nf3  Qxf2+
 28. Kxf2  Rbd7  29. Rxd7
 Rxd7  30. Nd2  Bf8
 31. Ne4  Be7  32. Re1
 Bxh4+  33. g3  Be7
 34. Nf6+  Bxf6  35. exf6
 Be6  36. Re5  Rd5
 37. Rxd5  Bxd5  38. Ke3
 Bc6  39. Kd4  Bb5
 40. Ke5  Kf8  41. Kd6
 Ke8  42. Kc7  Ba4
 43. Bb4  Bb5  44. Kd6
 Ba4  45. Bd2  Bd7
 46. Ke5  Bb5  47. f5
 gxf5  48. Kxf5  Bd7+
 49. Kf4  Be6  50. Ke5
 Kd7  1/2-1/2

[Event "13th World University Championship - MEN"]
[Site "Katowice"]
[Date "2014.08.20"]
[Round "4"]
[White "Sjugirov, Sanan"]
[Black "Yu, Ruiyuan"]
[Result "1/2-1/2"]
[LiveChessVersion "1.4.4"]
[BlackElo "2534"]
[WhiteElo "2658"]

1. e4  c6  2. d4  d5
 3. e5  Bf5  4. Nf3
 e6  5. Be2  c5 
6. O-O  Nc6  7. c3  cxd4
 8. Nxd4  Nge7  9. Nxf5
 Nxf5  10. Bd3  g6
 11. Qe2  Bg7  12. f4
 O-O  13. Nd2  f6
 14. exf6  Qxf6  15. Nf3
 Rae8  16. Bd2  e5
 17. fxe5  Nxe5  18. Nxe5
 Qd6  19. Bf4  Bxe5
 20. Bxe5  Rxe5  21. Qf2
 Ne3  22. Qxf8+  Qxf8
 23. Rxf8+  Kxf8  24. Re1
 Ke7  25. h3  Nc4
 26. Rxe5+  Nxe5  27. Be2
 Kd6  28. Kf2  Nd7
 29. Ke3  Ke5  30. Bf3
 Nc5  31. Bd1  Ne6
 32. Bg4  Nc5  33. Bd1
 b6  34. a3  Ne4 
35. Bc2  Nf6  36. Bd1  Ne4
 37. Bc2  Nd6  38. Bd3
 b5  39. b3  a6 
40. Bc2  Nb7  41. Bd1  Nc5
 42. Bc2  Ne6  43. Bd1
 Nf4  44. Bf3  g5
 45. g3  Ne6  46. b4
 d4+  47. Kd3  dxc3
 48. Kxc3  Nd4  49. Bb7
 Ne2+  50. Kd3  Nxg3
 51. Bxa6  Ne4  52. Bxb5
 Nf2+  53. Kc4  Kd6
 54. Kd4  Nxh3  55. Ke4
 h5  56. Be8  1/2-1/2